Birthday Party Themes Quiz Stats

 Plays Quiz not verified by Sporcle

Challenge
Share
Tweet
Embed
Score 0/9 Timer 07:00
0 Plays Today
% Correct
Beach
77.8%
Laser Tag
66.7%
Cook Out
44.4%
Arts and Crafts
44.4%
Outdoor Games
33.3%
Baking
33.3%
Scavenger Hunt
33.3%
Go Karting
33.3%
Roller Skating
33.3%

You're not logged in!

Compare scores with friends on all Sporcle quizzes.
Join for Free
OR
Log In

You Might Also Like...

Show Comments

Extras

Created Aug 14, 2011ReportNominate
Tags:birthday, party, theme

Top Quizzes Today


Score Distribution

Your Account Isn't Verified!

In order to create a playlist on Sporcle, you need to verify the email address you used during registration. Go to your Sporcle Settings to finish the process.

Report this User

Report this user for behavior that violates our Community Guidelines.

Details: